Mô tả các nhóm hữu hạn có cấp bé hơn hoặc bằng 15

Cơ quan chủ trì: Đại học Thủ Dầu Một; Báo cáo tổng kết đề tài nghiên cứu khoa học của sinh viên tham gia cuộc thi sinh viên nghiên cứu khoa học năm 2016-2017. Xét giải thưởng tài năng khoa học trẻ đại học Thủ Dầu Một năm 2017; Đề tài gồm các ch...

সম্পূর্ণ বিবরণ

সংরক্ষণ করুন:
গ্রন্থ-পঞ্জীর বিবরন
প্রধান লেখক: Lê, Nguyễn Viết Tường
অন্যান্য লেখক: Nguyễn Thị Khánh Hòa
বিন্যাস: গ্রন্থ
ভাষা:Undetermined
প্রকাশিত: Bình Dương, 2017
বিষয়গুলি:
অনলাইন ব্যবহার করুন:http://lrc.tdmu.edu.vn/opac/search/detail.asp?aID=2&ID=31464
ট্যাগগুলো: ট্যাগ যুক্ত করুন
কোনো ট্যাগ নেই, প্রথমজন হিসাবে ট্যাগ করুন!
Thư viện lưu trữ: Trung tâm Học liệu Trường Đại học Thủ Dầu Một
LEADER 01324nam a2200193Ia 4500
001 TDMU_31464
008 210410s9999 xx 000 0 und d
082 |a 306.848 
090 |b L250 
100 |a Lê, Nguyễn Viết Tường 
245 0 |a Mô tả các nhóm hữu hạn có cấp bé hơn hoặc bằng 15 
245 0 |c Lê Nguyễn Viết Tường; ThS. Nguyễn Thị Khánh Hòa(h.d) 
260 |a Bình Dương, 2017 
300 |a 25tr 
520 |a Cơ quan chủ trì: Đại học Thủ Dầu Một; Báo cáo tổng kết đề tài nghiên cứu khoa học của sinh viên tham gia cuộc thi sinh viên nghiên cứu khoa học năm 2016-2017. Xét giải thưởng tài năng khoa học trẻ đại học Thủ Dầu Một năm 2017; Đề tài gồm các chương: Chương 1 Kiến thức chuẩn bị; Chương 2.Mô tả các nhóm hữu hạn có cấp bé hơn hoặc bằng 15; TLTK sau phần kết luận 
650 |a Toán học  |x Đại số  |x Nhóm hữu hạn; Báo cáo khoa học 
700 |a Nguyễn Thị Khánh Hòa 
856 |u http://lrc.tdmu.edu.vn/opac/search/detail.asp?aID=2&ID=31464 
980 |a Trung tâm Học liệu Trường Đại học Thủ Dầu Một